El mundo del adolescente: una guía para orientar la conducta social y sexual
Saved in:
| Main Authors: | , |
|---|---|
| Format: | Bog |
| Sprog: | spansk |
| Udgivet: |
Ciudad de México
Continental
1973
|
| Fag: | |
| Tags: |
Tilføj Tag
Ingen Tags, Vær først til at tagge denne postø!
|
MARC
| LEADER | 00000nam a2200000 a 4500 | ||
|---|---|---|---|
| 001 | UCY8125 | ||
| 003 | CL-VaPUC | ||
| 008 | 950623e19731200MX |||||||||||||||||spa|d | ||
| 082 | 0 | 4 | |a 305.235 |b SEM |2 21 |
| 100 | 0 | |a Semmens, James P |e author |9 339281 | |
| 700 | 0 | |a Krantz, Kermit E |e author |9 339282 | |
| 245 | 1 | 3 | |a El mundo del adolescente: una guía para orientar la conducta social y sexual |
| 300 | |a 397 p | ||
| 942 | |c BK | ||
| 945 | |d 19950623 00:00:00 |a cmena | ||
| 260 | |a Ciudad de México |b Continental |c 1973 | ||
| 650 | 0 | |a Juventud |9 271073 | |
| 650 | 0 | |a Adolescencia |9 307361 | |
| 650 | 0 | |a Sociedad contemporánea |9 337179 | |
| 650 | 0 | |a Cambio social |9 256857 | |
| 650 | 7 | |a DESARROLLO FISIOLOGICO |2 CL-VaPUC |9 312423 | |
| 650 | 0 | |a Educación sexual |9 308005 | |
| 650 | 7 | |a MATRIMONIO |2 CL-VaPUC |9 339283 | |
| 650 | 0 | |a Psicología educacional |9 307830 | |
| 583 | |a last modification |c 19950623 00:00:00 |k Rodrigo Vera | ||
| 999 | |c 235403 |d 235401 | ||
| 952 | |0 0 |1 0 |4 0 |6 305_235000000000000_SEM_1973 |7 0 |8 P |9 242797 |a BIBEDU |b BIBEDU |c BIBEDU_PB |d 2019-11-18 |i 152285K |o 305.235 SEM 1973 |p 152285K |r 2024-01-25 |w 2019-11-18 |y BK |k EDU | ||
| 952 | |0 0 |1 0 |4 0 |6 305_235000000000000_SEM_1973 |7 0 |8 P |9 242798 |a BIBEDU |b BIBEDU |c BIBEDU_PB |d 2019-11-18 |i 1602896 |o 305.235 SEM 1973 |p 1602896 |r 2024-01-25 |w 2019-11-18 |y BK |k EDU | ||